000 00371nam a2200145Ia 4500
008 230711s9999||||xx |||||||||||||| ||und||
041 _aENG
082 _a621.4021
_bKH-T
100 _aKhurmi,R.S
245 2 _aA Textbook of Thermal Engineering
250 _a1st Ed.
260 _c2000
_aNew Delhi
_bS.Chand & Company Ltd
650 _aMechanical Engineering
942 _cBK
999 _c4049
_d4049